书目信息 |
| 题名: |
残留煤层封存CO2驱替CH4产出机理研究
|
|
| 作者: | 吴迪 , 孙可明 , 刘雪莹 著 | |
| 分册: | ||
| 出版信息: | 沈阳 东北大学出版社 2020.07 |
|
| 页数: | 168页 | |
| 开本: | 24cm | |
| 丛书名: | ||
| 单 册: | ||
| 中图分类: | P618 | |
| 科图分类: | ||
| 主题词: | 煤层--mei ceng--地下气化煤气--油气开采--研究 | |
| 电子资源: | ||
| ISBN: | 978-7-5517-2428-9 | |
| 000 | 01143nam0 2200289 450 | |
| 001 | CAL 0120217156574 | |
| 005 | 20210525172904.5 | |
| 010 | @a978-7-5517-2428-9@dCNY38.00 | |
| 100 | @a20210524d2020 em y0chiy0120 ea | |
| 101 | 0 | @achi |
| 102 | @aCN@b210000 | |
| 105 | @aa a 000yy | |
| 106 | @ar | |
| 200 | 1 | @a残留煤层封存CO2驱替CH4产出机理研究@Acan liu mei ceng feng cun CO2 qu ti CH4 chan chu ji li yan jiu@f吴迪, 孙可明, 刘雪莹著 |
| 210 | @a沈阳@c东北大学出版社@d2020.07 | |
| 215 | @a168页@c图@d24cm | |
| 300 | @a国家自然科学基金资助项目 | |
| 304 | @a题名中“2”为“CO”的右下角标 “4”为“CH”的右下角标 | |
| 320 | @a有书目 (第155-168页) | |
| 330 | @a本书基于渗流力学理论、有限元数值计算方法, 通过研究了煤中CH4、CO2渗流吸附规律, 分析了流体吸附解吸渗流机理和不同储层条件下煤层注CO2驱替CH4规律及相关机理 ; 建立了煤层注CO2驱替CH4的数学模型并进行了数值求解。 | |
| 606 | 0 | @a煤层@Amei ceng@x地下气化煤气@x油气开采@x研究 |
| 690 | @aP618@v5 | |
| 701 | 0 | @a吴迪@Awu di@4著 |
| 701 | 0 | @a孙可明@Asun ke ming@4著 |
| 701 | 0 | @a刘雪莹@Aliu xue ying@4著 |
| 801 | 0 | @aCN@b人天书店@c20210524 |
| 905 | @aTSG@b0000929@dP618@eW763@f2 | |
| 残留煤层封存CO2驱替CH4产出机理研究/吴迪, 孙可明, 刘雪莹著.-沈阳:东北大学出版社,2020.07 |
| 168页:图;24cm |
| 国家自然科学基金资助项目 |
| ISBN 978-7-5517-2428-9:CNY38.00 |
| 本书基于渗流力学理论、有限元数值计算方法, 通过研究了煤中CH4、CO2渗流吸附规律, 分析了流体吸附解吸渗流机理和不同储层条件下煤层注CO2驱替CH4规律及相关机理 ; 建立了煤层注CO2驱替CH4的数学模型并进行了数值求解。 |
| ● |
| 相关链接 |
|
|
|
正题名:残留煤层封存CO2驱替CH4产出机理研究
索取号:P618/W763
 
预约/预借
| 序号 | 登录号 | 条形码 | 馆藏地/架位号 | 状态 | 备注 |
| 1 | 1536107 | 215361070 | 自科库401/401自科库 130排1列5层/ [索取号:P618/W763] | 在馆 | |
| 2 | 1536108 | 215361089 | 期刊室512/401自科库 125排1列3层/ [索取号:P618/W763] | 在馆 |